000 00310nam a2200121Ia 4500
008 231129s1977||||xx |||||||||||||| ||spa||
082 _aHAJ- 0295
100 _aParra Peña Isidro
245 0 _aEscrutinio de los asentamientos humanos
260 _c1977
264 _aBogotá: Tercer Mundo
942 _2ddc
_cBKS
999 _c13369
_d13369